Workshop calculation and science / (Record no. 2477)
[ view plain ]
| 000 -LEADER | |
|---|---|
| fixed length control field | 00439cam a2200181ua 4500 |
| 041 ## - LANGUAGE CODE | |
| Language code of text/sound track or separate title | eng |
| 082 ## - DEWEY DECIMAL CLASSIFICATION NUMBER | |
| Classification number | 670.423 |
| Item number | KAP/WO |
| 100 ## - MAIN ENTRY--AUTHOR NAME | |
| Personal name | Kapildev, . |
| 245 ## - TITLE STATEMENT | |
| Title | Workshop calculation and science / |
| 250 ## - EDITION STATEMENT | |
| Edition statement | 2 / |
| 260 ## - PUBLICATION, DISTRIBUTION, ETC. (IMPRINT) | |
| Place of publication | Delhi : |
| Name of publisher | Asia Publishing House , |
| Year of publication | 1993. |
| 300 ## - PHYSICAL DESCRIPTION | |
| Number of Pages | 536 ; . |
| 942 ## - ADDED ENTRY ELEMENTS (KOHA) | |
| Koha item type | Books |
| Withdrawn status | Lost status | Damaged status | Home library | Current library | Date acquired | Full call number | Accession Number | Koha item type |
|---|---|---|---|---|---|---|---|---|
| KAUAET | KAUAET | 07/04/2012 | 670.423 | 18043 | Books |
